00337nam a2200097Ia 4500008004100000041000800041100002900049245008800078260005400166999001900220241105s9999 xx 000 0 und d aeng aMadelwar Apurva.9183766 aRestoration Strategies For Abandoned Quarries In Urban Areas Case Of Pune. .-1st Ed bBNCA M Arch Environment Architecture., Punec2019 c361785d361785